[Event "Online Olym Div3 D 2020"]
[Site "chess.com INT"]
[Date "2020.07.07"]
[Round "1.1"]
[Board "1"]
[White "Andersen, Mads"]
[Black "Bouzidi, Ahmed"]
[Result "1-0"]
[WhiteTitle "GM"]
[BlackTitle "CM"]
[WhiteElo "2585"]
[BlackElo "2150"]
[WhiteTeam "Denmark"]
[BlackTeam "Tunisia"]
[WhiteFideId "1413864"]
[BlackFideId "5501733"]
[EventDate "2020.07.07"]
[EventType "team"]

1. Nf3 d5 2. g3 Nf6 3. Bg2 g6 4. c4 c6 5. Qa4 Nbd7 6. cxd5 cxd5 7. d4 Bg7 8. O-O
O-O 9. Bf4 Nb6 10. Qb3 Be6 11. Rc1 Rc8 12. Rxc8 Qxc8 13. Nc3 h6 14. h4 Qc4 15.
Qa3 Ne4 16. Qxa7 Nxc3 17. bxc3 Na4 18. Qxb7 Nxc3 19. e3 Ne2+ 20. Kh2 Nxf4 21.
gxf4 Qe2 22. Kg1 Rc8 23. Qxe7 Rc2 24. Rf1 Rxa2 25. h5 Bf8 26. Qh4 Bf5 27. hxg6
fxg6 28. Ne5 Be4 29. Qf6 Bg7 30. Qf7+ Kh8 31. Qe8+ Kh7 32. Bxe4 dxe4 33. Qxg6+
Kg8 34. Qg4 Qa6 35. Rc1 1-0

[Event "Online Olym Div3 D 2020"]
[Site "chess.com INT"]
[Date "2020.07.07"]
[Round "1.1"]
[Board "2"]
[White "Zaibi, Amir"]
[Black "Hansen, Sune Berg"]
[Result "1/2-1/2"]
[WhiteTitle "GM"]
[BlackTitle "GM"]
[WhiteElo "2383"]
[BlackElo "2552"]
[WhiteTeam "Tunisia"]
[BlackTeam "Denmark"]
[WhiteFideId "5500796"]
[BlackFideId "1400266"]
[EventDate "2020.07.07"]
[EventType "team"]

1. e4 e5 2. Bc4 Nf6 3. Nc3 Nc6 4. d3 Na5 5. Nge2 Bc5 6. O-O d6 7. Bg5 h6 8. Bxf6
Qxf6 9. b4 Nxc4 10. bxc5 Na5 11. Qd2 b6 12. Nd5 Qd8 13. cxd6 cxd6 14. f4 Be6 15.
Ne3 f6 16. c4 Rc8 17. Rf3 Rc7 18. Raf1 Nc6 19. Nd5 Rf7 20. f5 Bxd5 21. exd5 Na5
22. Nc3 Qd7 23. Rg3 Kd8 24. Qb2 Kc8 25. Qb4 Rd8 26. Rgf3 Qc7 27. Ne4 Kb8 28. Rb1
Ka8 29. Qb5 Qd7 30. a4 Qc8 31. Rf2 Rc7 32. Qb4 Qd7 33. h3 h5 34. Ng3 h4 35. Ne4
Qe7 36. Rfb2 Qd7 37. Rf1 Rb7 1/2-1/2

[Event "Online Olym Div3 D 2020"]
[Site "chess.com INT"]
[Date "2020.07.07"]
[Round "1.1"]
[Board "3"]
[White "Kakulidis, Ellen"]
[Black "Miladi, Amen"]
[Result "1-0"]
[WhiteTitle "WCM"]
[BlackTitle "WFM"]
[WhiteElo "2059"]
[BlackElo "1784"]
[WhiteTeam "Denmark"]
[BlackTeam "Tunisia"]
[WhiteFideId "1444972"]
[BlackFideId "5503779"]
[EventDate "2020.07.07"]
[EventType "team"]

1. d4 Nf6 2. g3 g6 3. Bg2 Bg7 4. e4 d6 5. Nc3 O-O 6. Nge2 e5 7. h3 Nc6 8. Be3
exd4 9. Nxd4 Nxd4 10. Bxd4 Qe7 11. O-O Bd7 12. Re1 c6 13. a4 Be6 14. Qd3 Qd7 15.
Kh2 Rfe8 16. Rad1 Rad8 17. Bxa7 c5 18. Bb6 Rc8 19. a5 Nh5 20. Qxd6 Qxd6 21. Rxd6
Bd4 22. Nd1 Nf6 23. c3 Be5 24. Rd2 Nd7 25. Ne3 Nxb6 26. axb6 Rc6 27. Nd5 Bxd5
28. Rxd5 Rxb6 29. Re2 c4 30. f4 Bg7 31. Red2 h6 32. Rc5 Bf6 33. Rxc4 Rd8 34.
Rxd8+ Bxd8 35. b4 Bf6 36. e5 Bg7 37. Rc7 f6 38. Rc8+ Kf7 39. Bd5+ Ke7 40. Rc7+ 1-0

[Event "Online Olym Div3 D 2020"]
[Site "chess.com INT"]
[Date "2020.07.07"]
[Round "1.1"]
[Board "4"]
[White "Ayed, Ranim"]
[Black "Stolberg-Rohr, Thomine"]
[Result "0-1"]
[BlackTitle "WFM"]
[WhiteElo "1406"]
[BlackElo "1918"]
[WhiteTeam "Tunisia"]
[BlackTeam "Denmark"]
[WhiteFideId "5505283"]
[BlackFideId "1504258"]
[EventDate "2020.07.07"]
[EventType "team"]

1. Nf3 Nf6 2. g3 d5 3. Bg2 g6 4. O-O Bg7 5. d3 O-O 6. Nbd2 Nc6 7. e4 e5 8. exd5
Nxd5 9. Re1 Bg4 10. h3 Bd7 11. Nc4 Re8 12. Nfxe5 Nxe5 13. Nxe5 Bxe5 14. Bxd5
Bxh3 15. Qf3 Qf6 16. Qxf6 Bxf6 17. Rxe8+ Rxe8 18. Be3 b6 19. Rb1 c5 20. a3 Kg7
21. b4 cxb4 22. axb4 Rd8 23. Be4 Bc3 24. Rb3 Bf6 25. c4 Be6 26. Rb1 Bd4 27.
Bxd4+ Rxd4 28. c5 bxc5 29. bxc5 Bd5 30. Bxd5 Rxd5 31. c6 Rc5 32. d4 Rxc6 33. Rd1
Rd6 34. Kf1 Rd5 35. Ke2 Kf6 36. Ke3 Ke6 37. Ke4 f5+ 38. Ke3 a5 39. Kd3 Kd6 40.
Kc4 Kc6 41. f4 Rd8 42. d5+ Kd6 43. Kb5 Ra8 44. Rd3 a4 45. Kb4 a3 46. Rxa3 Rxa3
47. Kxa3 Kxd5 48. Kb3 Ke4 49. Kc3 Kf3 50. Kd2 Kxg3 51. Ke3 h5 52. Kd4 h4 53. Ke5
h3 54. Kf6 Kxf4 55. Kxg6 h2 56. Kf6 h1=Q 57. Kf7 Qh6 58. Ke7 Ke5 59. Kd7 Qd6+
60. Kc8 Qe7 61. Kb8 Kd6 62. Ka8 Kc6 63. Kb8 Qe8+ 64. Ka7 Qd7+ 65. Ka6 Qb7+ 66.
Ka5 Qb5# 0-1

[Event "Online Olym Div3 D 2020"]
[Site "chess.com INT"]
[Date "2020.07.07"]
[Round "1.1"]
[Board "5"]
[White "Olsen, Filip Boe"]
[Black "Boulaares, Adam"]
[Result "1-0"]
[WhiteTitle "IM"]
[WhiteElo "2351"]
[BlackElo "1861"]
[WhiteTeam "Denmark"]
[BlackTeam "Tunisia"]
[WhiteFideId "1440640"]
[BlackFideId "5508657"]
[EventDate "2020.07.07"]
[EventType "team"]

1. d4 d5 2. c4 e6 3. Nc3 Nf6 4. cxd5 exd5 5. Bg5 Be7 6. e3 Nbd7 7. Bd3 Nf8 8.
Qc2 Ne6 9. Bh4 g6 10. Nge2 O-O 11. O-O c6 12. Rad1 Ng7 13. f3 Nf5 14. Bf2 Re8
15. e4 Ng7 16. h3 Be6 17. Nf4 Rc8 18. Qb1 a6 19. Rfe1 Qc7 20. e5 Nd7 21. Nxe6
Nxe6 22. Be3 Qb6 23. Bc2 Ng7 24. g4 f6 25. f4 fxe5 26. fxe5 Nf8 27. Rf1 Qd8 28.
b4 Bg5 29. Qc1 Nfe6 30. Bxg5 Qxg5 31. Qxg5 Nxg5 32. h4 N5e6 33. Rf6 Re7 34. Kf2
Ne8 35. Rf3 N8c7 36. Ke3 Rf8 37. Rdf1 Rxf3+ 38. Rxf3 Kg7 39. Rf6 Ne8 40. g5 N8c7
41. Ne2 Nb5 42. a4 Nbc7 43. h5 gxh5 44. Ng3 Re8 45. Nxh5+ Kg8 46. Rh6 Nxg5 47.
Nf6+ Kg7 48. Rh5 h6 49. Nxe8+ Nxe8 50. Rh1 Nc7 51. Bd3 Nce6 52. b5 axb5 53. axb5
c5 54. dxc5 Nxc5 55. Bc2 Nce6 56. Bb3 d4+ 57. Kd3 Nc5+ 58. Kc4 Nge6 59. Bc2 Nd7
60. Kd5 Kf7 61. Rxh6 Nb6+ 62. Ke4 Ke7 63. Rh7+ Kd8 64. Rh6 Kd7 65. Kf5 Ng7+ 66.
Kf6 Ne8+ 67. Kf7 Nc4 68. Bf5+ Kd8 69. Re6 Nc7 70. Re7 Nb6 71. e6 Nbd5 72. Rd7+
Kc8 73. Rxd5 Nxd5 74. e7+ Kc7 75. e8=Q 1-0

[Event "Online Olym Div3 D 2020"]
[Site "chess.com INT"]
[Date "2020.07.07"]
[Round "1.1"]
[Board "6"]
[White "Chihi, Malek"]
[Black "van den Brink, Nienke"]
[Result "0-1"]
[WhiteTitle "WCM"]
[WhiteElo "1664"]
[BlackElo "1811"]
[WhiteTeam "Tunisia"]
[BlackTeam "Denmark"]
[WhiteFideId "5504430"]
[BlackFideId "1452568"]
[EventDate "2020.07.07"]
[EventType "team"]

1. e4 c5 2. Nf3 d6 3. d4 cxd4 4. Nxd4 Nf6 5. Nc3 a6 6. a4 e5 7. Nb3 Nc6 8. Be2
Be6 9. Nd2 d5 10. exd5 Nxd5 11. Nxd5 Bxd5 12. O-O Bd6 13. Nf3 e4 14. Nd4 Qf6 15.
Nxc6 Bxc6 16. Be3 Rd8 17. Qc1 h6 18. f3 exf3 19. Bxf3 Qe5 20. Bf4 Qd4+ 21. Qe3+
Qxe3+ 22. Bxe3 Bxf3 23. Rxf3 O-O 24. Raf1 f6 25. Bb6 Rc8 26. Rd3 Be5 27. c3 Rc6
28. Bf2 Re8 29. Rfd1 Kf8 30. Rd7 Re7 31. Rd8+ Kf7 32. Kf1 Rce6 33. h3 Bf4 34.
R8d7 Rxd7 35. Rxd7+ Re7 36. Rxe7+ Kxe7 37. Ke2 Ke6 38. Bc5 g6 39. Bd4 f5 40. Kd3
Kd5 41. c4+ Kd6 42. b4 h5 43. Be3 Bxe3 44. Kxe3 Ke5 45. g3 g5 46. b5 axb5 47.
cxb5 Kd5 48. Kd3 Kc5 49. Ke3 Kb4 50. Kf3 Kxa4 51. h4 gxh4 52. gxh4 Kxb5 53. Kf4
Kc4 54. Kxf5 b5 55. Kg5 b4 56. Kxh5 b3 57. Kg6 b2 58. h5 b1=Q+ 59. Kg7 Qb7+ 60.
Kg6 Qc6+ 61. Kg7 Qd7+ 62. Kg6 Qe6+ 63. Kg7 Qe7+ 64. Kg6 Qe8+ 65. Kg5 Qg8+ 66.
Kh6 Qf8+ 67. Kh7 Qf7+ 68. Kh6 Kd5 69. Kg5 Qg7+ 70. Kf5 Qh6 71. Kg4 Ke5 72. Kh4
Kf4 73. Kh3 Qxh5+ 74. Kg2 Qf3+ 75. Kg1 Qe2 76. Kh1 Kg3 77. Kg1 Qg2# 0-1

[Event "Online Olym Div3 D 2020"]
[Site "chess.com INT"]
[Date "2020.07.07"]
[Round "1.2"]
[Board "2"]
[White "Curriah, Malik"]
[Black "Napoleao, Lourenco"]
[Result "1-0"]
[WhiteTitle "CM"]
[WhiteElo "2043"]
[BlackElo "1807"]
[WhiteTeam "Jamaica"]
[BlackTeam "Mozambique"]
[WhiteFideId "7402236"]
[BlackFideId "14801302"]
[EventDate "2020.07.07"]
[EventType "team"]

1. e4 c5 2. Nf3 d6 3. Bb5+ Bd7 4. Bxd7+ Nxd7 5. O-O Ngf6 6. Re1 e6 7. c3 Be7 8.
d4 cxd4 9. cxd4 d5 10. e5 Ne4 11. Nbd2 Nxd2 12. Bxd2 O-O 13. Re3 Rc8 14. Qa4 a6
15. Rb3 Nb6 16. Qa5 Rc6 17. Rc1 Rxc1+ 18. Bxc1 Qc8 19. Rc3 Nc4 20. Qa4 b5 21.
Qd1 Bb4 22. Rd3 Be7 23. h3 Qd8 24. Qc2 Qa5 25. b3 Na3 26. Bxa3 Qxa3 27. Rc3 h6
28. Rc7 Bb4 29. Nh2 Ba5 30. Rc6 Bd8 31. f4 Qb4 32. Nf3 a5 33. f5 exf5 34. Qxf5
a4 35. Qc2 axb3 36. Qxb3 Qa5 37. Qxd5 Bh4 38. Kh2 Bf2 39. e6 fxe6 40. Rxe6 Kh8
41. Re2 Qc7+ 42. Qe5 Qxe5+ 43. Nxe5 Kh7 44. Nf3 Bxd4 45. Nxd4 1-0

[Event "Online Olym Div3 D 2020"]
[Site "chess.com INT"]
[Date "2020.07.07"]
[Round "1.2"]
[Board "3"]
[White "Sitoe, Cheila Andre"]
[Black "Brown, Raehanna"]
[Result "1/2-1/2"]
[WhiteTitle "WCM"]
[BlackTitle "WCM"]
[WhiteElo "1588"]
[BlackElo "1594"]
[WhiteTeam "Mozambique"]
[BlackTeam "Jamaica"]
[WhiteFideId "14800780"]
[BlackFideId "7402740"]
[EventDate "2020.07.07"]
[EventType "team"]

1. e4 c5 2. Nf3 Nc6 3. d4 cxd4 4. Nxd4 Nf6 5. Nc3 g6 6. f3 Bg7 7. Be3 O-O 8.
Nxc6 dxc6 9. Qxd8 Rxd8 10. Bd3 e5 11. O-O Be6 12. Rfd1 b6 13. Rd2 Rd7 14. Rad1
Rad8 15. a3 Ne8 16. Kf2 Kf8 17. Ne2 Nc7 18. c4 h6 19. c5 b5 20. Nc1 f5 21. Ke2
f4 22. Bf2 Bf7 23. Bc2 Bc4+ 24. Ke1 Ke7 25. Rxd7+ Rxd7 26. Rxd7+ Kxd7 27. Kd2
Bf6 28. Bd3 Bf7 29. Kc3 a5 30. Nb3 a4 31. Nc1 Na6 32. Bb1 Bc4 33. Bd3 Bf7 34.
Bc2 Be6 35. b3 axb3 36. Bxb3 Be7 37. Bxe6+ Kxe6 38. Nd3 g5 39. Kb3 Bd8 40. Nb4
Nxb4 41. axb4 Be7 42. Kc3 h5 43. Kd3 Kf6 44. Ke2 g4 45. Kd3 Kg5 46. Ke2 gxf3+
47. Kxf3 h4 48. h3 Kh5 49. Be1 Bf6 50. Ke2 Bg7 51. Kf3 Kg5 52. Bc3 Bf6 53. Bb2
Bg7 54. Bc3 Bf6 55. Be1 Bg7 56. Kf2 Bf6 57. Kf3 Kh5 1/2-1/2

[Event "Online Olym Div3 D 2020"]
[Site "chess.com INT"]
[Date "2020.07.07"]
[Round "1.2"]
[Board "5"]
[White "Farisse, Joao"]
[Black "McKennis, Darren"]
[Result "1-0"]
[WhiteElo "1574"]
[BlackElo "1735"]
[WhiteTeam "Mozambique"]
[BlackTeam "Jamaica"]
[WhiteFideId "14800730"]
[BlackFideId "7402872"]
[EventDate "2020.07.07"]
[EventType "team"]

1. c4 c6 2. Nf3 d5 3. cxd5 cxd5 4. d4 Nc6 5. Nc3 Nf6 6. g3 Bf5 7. Bg2 e6 8. O-O
Be7 9. Bg5 h6 10. Bf4 O-O 11. Rc1 Ne4 12. Ne5 Nxc3 13. bxc3 Nxe5 14. Bxe5 Ba3
15. e4 Bxc1 16. exf5 Bg5 17. fxe6 fxe6 18. Qg4 Qe7 19. f4 Bf6 20. Re1 Rad8 21.
Bf1 Bxe5 22. Rxe5 Rf6 23. Bd3 Qc7 24. Re3 Kh8 25. Bg6 Qa5 26. Bb1 Qb6 27. Qd1
Rc8 28. Qd3 g6 29. h4 Qb2 30. h5 Qc1+ 31. Kg2 a6 32. Bc2 Qb2 33. a4 b5 34. hxg6
Kg7 35. axb5 Qxb5 36. Qd2 Qb7 37. f5 exf5 38. Qe2 Rc7 39. Re8 a5 40. Qe5 Kxg6
41. g4 Rg7 42. Bxf5+ Kf7 43. Rb8 Qe7 44. Qxd5+ Re6 45. Bxe6+ Qxe6 46. Rb7+ Kf6
47. Qxe6+ Kxe6 48. Rxg7 a4 49. Ra7 Kd5 50. Rxa4 Ke4 51. Ra6 Kf4 52. Rxh6 Kxg4
53. Re6 Kf5 54. Re5+ Kf6 55. c4 Kf7 56. c5 Kf6 57. c6 Kf7 58. c7 Kf6 59. c8=Q
Kg6 60. Qf5+ Kh6 61. Re6+ Kg7 62. Qg6+ Kf8 63. Re8# 1-0

[Event "Online Olym Div3 D 2020"]
[Site "chess.com INT"]
[Date "2020.07.07"]
[Round "1.2"]
[Board "6"]
[White "Miller, Rachel"]
[Black "Efentakis, Theodora"]
[Result "1-0"]
[WhiteTitle "CM"]
[WhiteElo "2004"]
[BlackElo "1147"]
[WhiteTeam "Jamaica"]
[BlackTeam "Mozambique"]
[WhiteFideId "7401302"]
[BlackFideId "14801078"]
[EventDate "2020.07.07"]
[EventType "team"]

1. e4 e5 2. Nf3 Nc6 3. Bc4 Bc5 4. c3 Nf6 5. d3 h6 6. O-O d6 7. Bb3 Bg4 8. h3 Bh5
9. Re1 O-O 10. Nbd2 Qe7 11. Nf1 a6 12. Ng3 Bg6 13. Nh4 Bh7 14. Ngf5 Qd7 15. Qf3
Ne7 16. Nxh6+ gxh6 17. Qxf6 Ng6 18. Bxh6 Bxf2+ 19. Kxf2 Nxh4 20. Qg7# 1-0

[Event "Online Olym Div3 D 2020"]
[Site "chess.com INT"]
[Date "2020.07.07"]
[Round "1.3"]
[Board "1"]
[White "Salinas Herrera, Pablo"]
[Black "Boidiya, Sidi"]
[Result "1-0"]
[WhiteTitle "GM"]
[BlackTitle "FM"]
[WhiteElo "2514"]
[BlackElo "2040"]
[WhiteTeam "Chile"]
[BlackTeam "Mauritania"]
[WhiteFideId "3407128"]
[BlackFideId "19600100"]
[EventDate "2020.07.07"]
[EventType "team"]

1. e4 c6 2. Nf3 d5 3. Nc3 dxe4 4. Nxe4 Bf5 5. Ng3 Bg6 6. h4 h6 7. Ne5 Bh7 8. Qh5
g6 9. Bc4 e6 10. Qe2 Qe7 11. d4 Nd7 12. Bf4 Ngf6 13. O-O-O Bg7 14. Kb1 Nd5 15.
Bc1 N7b6 16. Bb3 O-O-O 17. a3 Rhe8 18. Ne4 f6 19. Nf3 g5 20. hxg5 fxg5 21. Nfxg5
Bg8 22. Nf3 Qf8 23. Ne5 Nf4 24. Qg4 Bh7 25. Bxf4 Bxe4 26. Bxe6+ Rxe6 27. Qxe6+
Nd7 28. Nxd7 Qxf4 29. Nc5+ Kc7 30. Qe7+ 1-0

[Event "Online Olym Div3 D 2020"]
[Site "chess.com INT"]
[Date "2020.07.07"]
[Round "1.3"]
[Board "2"]
[White "Taleb Mohamed, Ahmed"]
[Black "Valenzuela Fuentealba, Luis"]
[Result "0-1"]
[WhiteTitle "CM"]
[BlackTitle "IM"]
[WhiteElo "1950"]
[BlackElo "2444"]
[WhiteTeam "Mauritania"]
[BlackTeam "Chile"]
[WhiteFideId "19600038"]
[BlackFideId "3401294"]
[EventDate "2020.07.07"]
[EventType "team"]

1. e4 c5 2. Nf3 e6 3. d4 cxd4 4. Nxd4 a6 5. Nc3 b5 6. a3 Bb7 7. Be2 d6 8. Be3
Nd7 9. O-O Ngf6 10. Qd2 Be7 11. Rad1 Nxe4 12. Nxe4 Bxe4 13. f3 Bb7 14. c4 bxc4
15. Bxc4 d5 16. Ba2 O-O 17. f4 Rc8 18. Bb1 Nf6 19. Qd3 Ne4 20. f5 e5 21. Nf3 Qc7
22. Ba2 d4 23. Bc1 Bf6 24. g4 h6 25. h4 Nc5 26. Qe2 e4 27. Nxd4 Qg3+ 28. Qg2
Qxh4 29. Be3 Nd3 30. Rxd3 exd3 31. Qxb7 Bxd4 32. Bxf7+ Kh8 33. Bxd4 Qxg4+ 34.
Kh2 Qxd4 35. Bg6 Qh4+ 36. Kg1 Rc2 0-1

[Event "Online Olym Div3 D 2020"]
[Site "chess.com INT"]
[Date "2020.07.07"]
[Round "1.3"]
[Board "5"]
[White "Donoso Diaz, Sebastian"]
[Black "Mohamed Abderrahim, Taleb Mohamed"]
[Result "1-0"]
[WhiteTitle "FM"]
[WhiteElo "2192"]
[BlackElo "1811"]
[WhiteTeam "Chile"]
[BlackTeam "Mauritania"]
[WhiteFideId "3416097"]
[BlackFideId "19601441"]
[EventDate "2020.07.07"]
[EventType "team"]

1. Nf3 d5 2. e3 c6 3. c4 e6 4. b3 Nf6 5. Bb2 Bd6 6. Qc2 Nbd7 7. Nc3 O-O 8. Rg1
e5 9. cxd5 cxd5 10. Nb5 Bb8 11. Rc1 a6 12. Nc3 e4 13. Nd4 Bxh2 14. Rh1 Be5 15.
Nce2 Re8 16. f4 exf3 17. gxf3 Nf8 18. Bg2 Ng6 19. Qb1 Bd7 20. f4 Bxd4 21. Bxd4
Ne4 22. d3 Qa5+ 23. b4 Qd8 24. dxe4 Nh4 25. Kf2 Nxg2 26. Kxg2 dxe4 27. Kf2 Bb5
28. Rcg1 f6 29. Qb3+ Kh8 30. Qf7 Re7 31. Rxh7+ Kxh7 32. Rh1# 1-0

[Event "Online Olym Div3 D 2020"]
[Site "chess.com INT"]
[Date "2020.07.07"]
[Round "1.4"]
[Board "1"]
[White "Ynojosa Aponte, Felix Jose"]
[Black "Zilleruelo Irizarry, Diego"]
[Result "1-0"]
[WhiteTitle "IM"]
[WhiteElo "2393"]
[BlackElo "2081"]
[WhiteTeam "Venezuela"]
[BlackTeam "Puerto Rico"]
[WhiteFideId "3900258"]
[BlackFideId "3101460"]
[EventDate "2020.07.07"]
[EventType "team"]

1. e4 c6 2. c4 d5 3. cxd5 cxd5 4. exd5 Nf6 5. Bb5+ Nbd7 6. Nc3 g6 7. d4 Bg7 8.
d6 O-O 9. dxe7 Qxe7+ 10. Be2 Nb6 11. Nf3 Be6 12. O-O Rfd8 13. Bg5 h6 14. Bh4 g5
15. Bg3 Nbd5 16. Re1 Rac8 17. Nxd5 Nxd5 18. Bf1 Qb4 19. Rb1 Bg4 20. h3 Bxf3 21.
Qxf3 Rc2 22. a3 Qb6 23. Bd3 Rxb2 24. Rxb2 Qxb2 25. Rb1 Qxd4 26. Rd1 Qf6 27. Bc4
Nf4 28. Rxd8+ Qxd8 29. Qxb7 Qe8 30. Qxa7 Qe1+ 31. Kh2 Qe8 32. a4 Nh5 33. Qb8
Qxb8 34. Bxb8 Bc3 35. Bc7 Nf6 36. a5 Ne8 37. Bb6 Nd6 38. Bd3 Nc8 39. Bc7 Na7 40.
Be4 Bd4 41. Bb6 Be5+ 42. g3 Nc8 43. Be3 Bc7 44. a6 Bb6 45. Bxb6 Nxb6 46. a7 f5
47. Bxf5 Kf7 48. Be4 Kf6 49. f4 gxf4 50. gxf4 h5 51. Kg3 h4+ 52. Kxh4 Ke6 53.
Kg5 Kf7 54. f5 1-0

[Event "Online Olym Div3 D 2020"]
[Site "chess.com INT"]
[Date "2020.07.07"]
[Round "1.4"]
[Board "2"]
[White "Davila Blanco, Juan Jose"]
[Black "Martinez Reyes, Pedro Ramon"]
[Result "0-1"]
[WhiteTitle "CM"]
[BlackTitle "FM"]
[WhiteElo "2047"]
[BlackElo "2422"]
[WhiteTeam "Puerto Rico"]
[BlackTeam "Venezuela"]
[WhiteFideId "3102378"]
[BlackFideId "3901807"]
[EventDate "2020.07.07"]
[EventType "team"]

1. d4 d5 2. Nf3 Nc6 3. c4 Bg4 4. cxd5 Bxf3 5. gxf3 Qxd5 6. e3 e5 7. Nc3 Bb4 8.
a3 Bxc3+ 9. bxc3 Nge7 10. Bd2 Qd6 11. Bh3 O-O 12. Qb3 Rad8 13. Bc1 Ng6 14. a4
Rfe8 15. Ba3 Qf6 16. O-O Nh4 17. dxe5 Qxf3 18. e6 Rxe6 19. Rad1 Rg6+ 0-1

[Event "Online Olym Div3 D 2020"]
[Site "chess.com INT"]
[Date "2020.07.07"]
[Round "1.4"]
[Board "3"]
[White "Rovira Contreras, Tairu Manuela"]
[Black "Vazquez Maccarini, Danitza"]
[Result "0-1"]
[WhiteTitle "WIM"]
[BlackTitle "FM"]
[WhiteElo "2058"]
[BlackElo "2090"]
[WhiteTeam "Venezuela"]
[BlackTeam "Puerto Rico"]
[WhiteFideId "3900533"]
[BlackFideId "3101193"]
[EventDate "2020.07.07"]
[EventType "team"]

1. Nf3 Nf6 2. b3 e6 3. Bb2 Be7 4. c4 b6 5. g3 Bb7 6. Bg2 O-O 7. O-O d5 8. d3 c5
9. e3 Nc6 10. Qe2 Qc7 11. Nbd2 dxc4 12. bxc4 Rad8 13. Rfd1 e5 14. Nh4 Rfe8 15.
a3 Bf8 16. Rac1 Na5 17. Bc3 Bxg2 18. Nxg2 Nc6 19. Nb3 Nd4 20. Bxd4 exd4 21. e4
Nd7 22. f4 f5 23. e5 Qc6 24. Nh4 g6 25. Qg2 Qe6 26. Re1 Nb8 27. Nf3 Be7 28. h3
Rf8 29. Ra1 Rf7 30. a4 a5 31. Nbd2 Nc6 32. Nb1 Nb4 33. Qe2 Rg7 34. Na3 g5 35.
Kh2 g4 36. Ng1 gxh3 37. Nxh3 Qh6 38. Rg1 Kf7 39. Qf3 Rdg8 40. Rae1 Qe6 41. Nb5
Rc8 42. Qh5+ Qg6 43. Qxg6+ hxg6 44. Nf2 Ke6 45. Re2 Rh7+ 46. Kg2 Rch8 47. Rh1
Rxh1 48. Nxh1 Nxd3 49. Nc7+ Kd7 50. Nd5 Rb8 51. Nf2 Nb4 52. g4 Rb7 53. Kf3 Ke6
54. gxf5+ gxf5 55. Nh3 Nxd5 56. cxd5+ Kxd5 57. Rg2 c4 58. Rg6 c3 59. Ke2 Kc4 60.
Rc6+ Bc5 61. Nf2 Rh7 62. e6 Kd5 0-1

[Event "Online Olym Div3 D 2020"]
[Site "chess.com INT"]
[Date "2020.07.07"]
[Round "1.4"]
[Board "4"]
[White "Comas Colon, Rinelly M."]
[Black "Hernandez Bonilla, Amelia"]
[Result "0-1"]
[WhiteTitle "WFM"]
[BlackTitle "WFM"]
[WhiteElo "1611"]
[BlackElo "2016"]
[WhiteTeam "Puerto Rico"]
[BlackTeam "Venezuela"]
[WhiteFideId "3101576"]
[BlackFideId "3900193"]
[EventDate "2020.07.07"]
[EventType "team"]

1. c4 e5 2. g3 Nc6 3. Bg2 d6 4. d3 g6 5. Nf3 Bg7 6. O-O Nge7 7. e4 O-O 8. Nc3 h6
9. Be3 Nd4 10. b4 Bg4 11. Bxd4 exd4 12. Ne2 Qd7 13. Rb1 f5 14. Nf4 fxe4 15. dxe4
g5 16. Nd5 Ng6 17. Qd3 Bxf3 18. Bxf3 Ne5 0-1

[Event "Online Olym Div3 D 2020"]
[Site "chess.com INT"]
[Date "2020.07.07"]
[Round "1.4"]
[Board "5"]
[White "Salazar Olchowski, Gabriel Anton"]
[Black "Rodriguez Rosich, Carlos"]
[Result "1-0"]
[WhiteTitle "FM"]
[WhiteElo "2159"]
[BlackElo "1574"]
[WhiteTeam "Venezuela"]
[BlackTeam "Puerto Rico"]
[WhiteFideId "3920747"]
[BlackFideId "3104230"]
[EventDate "2020.07.07"]
[EventType "team"]

1. e4 c5 2. Nf3 d6 3. d4 cxd4 4. Nxd4 Nf6 5. Nc3 g6 6. Bg5 Bg7 7. Bb5+ Bd7 8.
Qe2 a6 9. Bxd7+ Nbxd7 10. O-O-O O-O 11. f4 Qc7 12. Rhe1 Rfd8 13. e5 dxe5 14.
fxe5 Nxe5 15. Qxe5 Qxe5 16. Rxe5 Ng4 17. Rd5 f6 18. Bd2 Rxd5 19. Nxd5 Rd8 20. c4
Kf7 21. Ba5 Rd7 22. Nf3 Bh6+ 23. Bd2 b5 24. Bxh6 Nxh6 25. c5 Nf5 26. g4 Ng7 27.
c6 Rd8 28. Nb6 Rxd1+ 29. Kxd1 Ne8 30. Na8 e5 31. c7 Nd6 32. Nb6 e4 33. Nd4 h5
34. gxh5 gxh5 35. c8=Q Nxc8 36. Nxc8 Kg6 37. Ke2 f5 38. Ke3 Kg5 39. Nd6 Kg4 40.
N6xf5 Kh3 41. Kxe4 Kxh2 42. Kd5 Kg2 43. Kc6 a5 44. Kxb5 h4 45. Nxh4+ Kg3 46.
Kxa5 Kxh4 47. Kb6 Kg5 48. a4 Kf6 49. a5 Ke7 50. a6 Kd7 51. a7 Ke7 52. a8=Q Kd6
53. Qc6+ Ke5 54. Nb3 Kf5 55. Qd6 Ke4 56. Qc5 Kd3 57. Na5 Ke4 58. Qd6 Kf5 59.
Qe6+ Kf4 60. Nc4 Kf3 61. Qe5 Kg4 62. Qf6 Kg3 63. Qf5 Kg2 64. Qf4 Kg1 65. Qd2 Kf1
66. Ne3+ Kg1 67. Qg2# 1-0

[Event "Online Olym Div3 D 2020"]
[Site "chess.com INT"]
[Date "2020.07.07"]
[Round "1.4"]
[Board "6"]
[White "Richiez Guillen, Ciara Bernadette"]
[Black "Alvarado Arcila, Marvia Josefina"]
[Result "0-1"]
[BlackTitle "WFM"]
[WhiteElo "1417"]
[BlackElo "1967"]
[WhiteTeam "Puerto Rico"]
[BlackTeam "Venezuela"]
[WhiteFideId "6424643"]
[BlackFideId "3909034"]
[EventDate "2020.07.07"]
[EventType "team"]

1. d4 g6 2. c4 Bg7 3. Nc3 Nf6 4. Nf3 O-O 5. Bg5 d6 6. e3 Nbd7 7. h3 c5 8. Be2 a6
9. O-O Qc7 10. Qd2 Re8 11. d5 h6 12. Bf4 g5 13. Bh2 Nf8 14. Qc2 Rb8 15. e4 Ng6
16. Rfe1 Bd7 17. Bd3 Nh5 18. Qd2 Nhf4 19. Bxf4 Nxf4 20. Bc2 b5 21. Rab1 bxc4 22.
Ne2 Nd3 23. Bxd3 cxd3 24. Qxd3 Qa5 25. Qd2 Qxa2 26. Nc3 Qc4 27. Qe2 Qxe2 28.
Nxe2 Rxb2 29. Rxb2 Bxb2 30. Rb1 Bf6 31. g4 Bb5 32. Ng3 c4 33. Nf5 Kh7 34. Ne3 c3
35. Nc2 Bd3 36. Nfe1 Bxe4 37. Nb4 Bxb1 38. Nxa6 Ra8 39. Nb4 Ra4 40. Nec2 Bxc2
41. Nxc2 Ra2 42. Nb4 Rb2 43. Nd3 Rd2 44. Nb4 c2 45. Nxc2 Rxc2 46. Kf1 Bd4 47. f3
Rf2+ 48. Ke1 Rxf3 49. Kd2 Rxh3 50. Ke2 f5 51. gxf5 Ra3 52. Kd2 h5 53. Ke2 h4 54.
Kf1 h3 55. Ke1 h2 56. Ke2 h1=Q 57. Kd2 Qg2+ 58. Kc1 Ra1# 0-1